| 000 | 00444nam a22001697a 4500 | ||
|---|---|---|---|
| 005 | 20260416160706.0 | ||
| 008 | 260416b |||||||| |||| 00| 0 eng d | ||
| 020 | _a97899889607806 | ||
| 050 |
_aKRX 940 _b.K96 |
||
| 100 | _aKumado Kofi | ||
| 245 | _aIntroduction to the law of torts in Ghana | ||
| 250 | _a2nd edi | ||
| 260 |
_aAccra _bBlack Mask ltd _cc2019 |
||
| 300 | _axxvi | ||
| 700 |
_aKumado Kofi _eAuthor |
||
| 942 |
_2lcc _cBK _e2nd edi _n0 |
||
| 999 |
_c9238 _d9238 |
||